Syndróm Gilles de la Tourette

Bibliographic Details
Main Authors: Ujházyová, Dagmar, 1925-1983 (Author), Brežný, Imrich (Author), Rosoľanková, Kamila (Author)
Format: Article
Language:Slovak
PhysicalDescription:Res. rus., angl., nem.
Subjects:

MARC

LEADER 00000nab a2200000 a 4500
001 vtls000040699
003 SK-MaSNL
005 20260305011317.0
008 250422c1979 xo 0 slo
015 |a SNBRB19rr/mm-uuuuu 
035 |a CL0050794 
035 |a urn:nbn:sk:snk-ab13b 
035 |a (urnnbn)urn:nbn:sk:snk:ar-a03b68 
035 |a (uuid)02e87a14-7d4b-4b1d-9765-27311a6b20f0 
040 |a SNKBUCL  |b slo  |c SNKBUCL  |e AACR2 
041 0 |a slo 
044 |a xo  |c SK 
080 |a 616.8  |2 1981 
100 1 |a Ujházyová, Dagmar,  |d 1925-1983  |4 aut  |9 240031 
245 1 0 |a Syndróm Gilles de la Tourette  |c Dagmar Ujházyová-Králiková, Imrich Brežný, K. Rosoľanková 
300 |b Res. rus., angl., nem. 
650 0 7 |a Tourettov syndróm  |2 snkbucl  |9 150555 
650 0 7 |a Haloparidol  |2 snkbucl  |9 1587138 
655 7 |a články z novín a časopisov  |2 snkbucl  |9 267496 
700 1 |a Brežný, Imrich  |4 aut  |9 6107 
700 1 |a Rosoľanková, Kamila  |4 aut  |9 1502859 
773 0 |t Bratislavské lekárske listy  |g Roč. 72, č. 2 (1979), s. 241-245 
850 |a Slovenská národná knižnica 
852 |a Slovenská národná knižnica 
954 |a odborná, vedecká literatúra pôvodná (slovenská)  |2 lita 
958 |a article27 
958 |a RK 
958 |a MI 
958 |a OND 
958 |a EUIPO 
992 |a RBX 
999 |c 3252221  |d 3254151